000 00266nam a22001337a 4500
008 170713b xxu||||| |||| 00| 0 eng d
020 _a087577017303
041 _aeng
080 _a038
100 _a23
101 _aFJA
245 _aTHESAURUS
942 _2udc
_cBK
999 _c20471
_d20471